000 00772nam a2200205 a 4500
005 20240522063716.0
008 121011s2010 mx r 000 0 spa d
035 _aUPN01000187386
049 _aF
050 4 _aLC4015
_bA2.2
245 0 0 _aAcciones innovadoras OSC.
260 _aMéxico :
_bDIF,
_c2010.
300 _a39 p. :
_bcuadros, il. col.
440 0 _aConcurso nacional de prácticas de las organizaciones de la sociedad civil, investigación y tesis sobre discapacidad 2010
586 _a"Primer lugar: Saltando fronteras, la transferencia de la educación conductiva a México"
586 _a"Segundo lugar: Calidad de vida y discapacidad intelectual"
650 4 _aPersonas con discapacidad
_xEducación
_912106
905 _aLibro
999 _c159489
_d159489